Nebojte sa stresu návod na telesný a duševný tréning

Na minha lista:
Detalhes bibliográficos
Autor principal: Seefeldt, Dieter
Formato: Livro
Idioma:eslovaco
Publicado em: Bratislava Smena 1982
Colecção:Križovatky
Tags: Adicionar Tag
Sem tags, seja o primeiro a adicionar uma tag!

MARC

LEADER 00000nam a2200000 4500
001 c127499
005 20250522111841.6
041 0 |a slo 
044 |a SK 
245 1 0 |a Nebojte sa stresu  |b návod na telesný a duševný tréning  |c Dieter Seefeldt 
264 1 |a Bratislava  |b Smena  |c 1982 
300 |a 196 s. 
490 1 |a Križovatky 
830 0 |a Križovatky 
100 1 |a Seefeldt, Dieter